[Event "Detroit (WCO/3/6)"]
[Site "?"]
[Date "1994.??.??"]
[Round "?"]
[White "Moore, De"]
[Black "Walker, Douglas"]
[Result "0-1"]
[WhiteElo "1605"]
[BlackElo "1900"]
[PlyCount "76"]
[EventDate "1994.??.??"]

{3/(6)} 1. e4 c5 2. Nc3 e6 3. Nf3 d6 4. Bc4 Nc6 5. d4 cxd4 6. Nxd4 Bd7 7. Ndb5
Ne5 8. Be2 Bc6 9. Bf4 a6 10. Bxe5 dxe5 11. Qxd8+ Rxd8 12. Na3 b5 13. Nd1 Bxe4
14. Ne3 Nf6 15. O-O Bc5 16. Rfd1 O-O 17. c3 Bxe3 18. fxe3 Nd5 19. Kf2 f5 20. c4
b4 21. Nb1 Ne7 22. a3 Nc6 23. Nd2 Bc2 24. Rac1 Bxd1 25. Rxd1 bxa3 26. bxa3 e4
27. Ke1 Ne5 28. Rb1 Rb8 29. Rc1 Rfd8 30. Rc2 Nd3+ 31. Kd1 e5 32. c5 f4 33. exf4
e3 34. fxe5 Nxc5 35. Rxc5 Rxd2+ 36. Kc1 Rxe2 37. e6 Rf8 38. Kd1 Rxg2 0-1

[Event "Detroit (Class DE/1/8)"]
[Site "?"]
[Date "1994.??.??"]
[Round "?"]
[White "Moore, De"]
[Black "Spangler, Richard"]
[Result "1-0"]
[WhiteElo "1605"]
[BlackElo "1605"]
[PlyCount "109"]
[EventDate "1994.??.??"]

{1/(8)} 1. e4 d5 2. exd5 Qxd5 3. Nc3 Qa5 4. h3 Nf6 5. Nf3 Bf5 6. Be2 e6 7. d3
Bd6 8. Bd2 c6 9. Ne4 Qd8 10. Bc3 Bxe4 11. dxe4 Nxe4 12. Qd4 Nf6 13. Rd1 Be7 14.
Qa4 Qc8 15. O-O O-O 16. Rd3 Rd8 17. Rfd1 Rxd3 18. Bxd3 Nbd7 19. Qh4 h6 20. Bd2
Nd5 21. Qg3 Qc7 22. Qg4 N7f6 23. Qd4 Rd8 24. Qxa7 Qb6 25. Qxb6 Nxb6 26. Ba5 Bc5
27. Bh7+ Kxh7 28. Rxd8 Nc4 29. Bc3 Ne4 30. Bd4 Be7 31. Rd7 Bd6 32. Rxf7 e5 33.
Bc3 Nxc3 34. bxc3 e4 35. Nd4 Be5 36. Rxb7 c5 37. Ne2 Na3 38. Re7 Bf6 39. Rxe4
Kg6 40. c4 Nxc2 41. a4 Kf5 42. Ng3+ Kg6 43. Re8 Nb4 44. a5 Kf7 45. Ra8 Ke6 46.
Ne4 Bd4 47. a6 Nc6 48. Re8+ Kd7 49. Rf8 Kc7 50. Rf7+ Kb6 51. Rf5 Ne5 52. a7
Kxa7 53. Nxc5 Nxc4 54. Rf4 Bxc5 55. Rxc4 1-0

[Event "Detroit (Class DE/3/1)"]
[Site "?"]
[Date "1994.??.??"]
[Round "?"]
[White "Moore, De"]
[Black "Mihelich, John"]
[Result "0-1"]
[WhiteElo "1605"]
[BlackElo "1605"]
[PlyCount "64"]
[EventDate "1994.??.??"]

{3/(1)} 1. e4 e5 2. Nf3 d6 3. h3 a6 4. Bc4 h6 5. Nc3 Nf6 6. d3 c6 7. d4 Nbd7 8.
d5 c5 9. O-O Be7 10. a3 O-O 11. b4 b5 12. Be2 c4 13. Bd2 Nh7 14. a4 Rb8 15.
axb5 axb5 16. Ra5 f5 17. exf5 Rxf5 18. Nxb5 e4 19. Nfd4 Rf6 20. Nc6 Qe8 21.
Nxb8 Nxb8 22. Bxc4 Qg6 23. Ra8 Bxh3 24. Rxb8+ Nf8 25. g3 Rf3 26. Bf4 Rxf4 27.
Kh2 Bg4 28. Be2 Qh5+ 29. Kg1 Bxe2 30. Qd2 Bf3 31. Rxf8+ Bxf8 32. Qxf4 Qh1# 0-1

[Event "Detroit (WCO/1/3)"]
[Site "?"]
[Date "1994.??.??"]
[Round "?"]
[White "Moore, De"]
[Black "Drkulec, Vladimir"]
[Result "0-1"]
[WhiteElo "1605"]
[BlackElo "2225"]
[PlyCount "54"]
[EventDate "1994.??.??"]

{1/(3)} 1. e4 e5 2. Nf3 Nc6 3. Bb5 a6 4. Bxc6 dxc6 5. d3 f6 6. h3 Be6 7. O-O
Qd7 8. Kh2 O-O-O 9. a3 g5 10. Nfd2 h5 11. Rg1 Bc5 12. Qe2 Nh6 13. Rf1 g4 14. h4
g3+ 15. fxg3 Ng4+ 16. Kh1 Ne3 17. Rxf6 Nxc2 18. b3 Bg4 19. Nf3 Nxa1 20. Bb2
Qxd3 21. Qxd3 Rxd3 22. Nbd2 Nxb3 23. Nxb3 Rxb3 24. Bxe5 Rb1+ 25. Kh2 Rd8 26.
Bf4 Rdd1 27. Bxc7 Rh1# 0-1

[Event "Detroit (MCO/Ch/4/11)"]
[Site "?"]
[Date "1994.??.??"]
[Round "?"]
[White "Moody, David"]
[Black "Wright, William"]
[Result "0-1"]
[WhiteElo "2000"]
[BlackElo "2185"]
[PlyCount "62"]
[EventDate "1994.??.??"]

{4/(11)} 1. e4 e6 2. d4 d5 3. Nc3 Bb4 4. e5 c5 5. a3 Bxc3+ 6. bxc3 Ne7 7. Nf3
Qa5 8. Bd2 Nbc6 9. Be2 Bd7 10. O-O c4 11. Qb1 O-O-O 12. a4 Ng6 13. Ng5 Rdf8 14.
f4 f6 15. f5 exf5 16. e6 Be8 17. Nf7 Bxf7 18. exf7 Nge7 19. g4 g6 20. gxf5 Rxf7
21. fxg6 hxg6 22. Qb5 Qd8 23. Bf4 Qd7 24. Bf3 g5 25. Bg3 f5 26. Be5 Rh3 27.
Rab1 Rfh7 28. Bg4 Rxc3 29. Qc5 b6 30. Qb5 Nxe5 31. Qb4 Rxc2 0-1

[Event "Eastpointe (EDO/2/10)"]
[Site "?"]
[Date "1994.??.??"]
[Round "?"]
[White "Moody, David"]
[Black "Walker, LeRoy"]
[Result "1-0"]
[WhiteElo "2000"]
[BlackElo "1820"]
[PlyCount "91"]
[EventDate "1994.??.??"]

{2/(10)} 1. e4 c6 2. d4 d5 3. exd5 cxd5 4. Bd3 Nc6 5. c3 Nf6 6. Bf4 e6 7. Nf3
Bd6 8. Bxd6 Qxd6 9. O-O O-O 10. Qe2 a6 11. Nbd2 b5 12. Ne5 g6 13. f4 Kg7 14. g4
Ne7 15. Ndf3 Ne4 16. Bxe4 dxe4 17. Qxe4 Ra7 18. Nd3 Nd5 19. Qe5+ Qxe5 20. fxe5
Ne3 21. Rfc1 Nxg4 22. a4 bxa4 23. Rxa4 Bb7 24. Nd2 Bc6 25. Ra5 f6 26. Nc5 Bd7
27. Nxd7 Rxd7 28. exf6+ Rxf6 29. Ne4 Rf3 30. Rxa6 Ne3 31. Ng5 Rf5 32. Nxe6+ Kh6
33. Re1 Rf3 34. h4 Rdf7 35. Ng5 Rg3+ 36. Kh2 Rg2+ 37. Kh3 Rff2 38. Rxe3 Kh5 39.
Nf3 Rxb2 40. Re7 h6 41. Re5+ g5 42. hxg5 hxg5 43. Raa5 Rbf2 44. Rxg5+ Rxg5 45.
Rxg5+ Kh6 46. Rg3 1-0

[Event "Detroit (CAO/3/2)"]
[Site "?"]
[Date "1994.??.??"]
[Round "?"]
[White "Moody, David"]
[Black "Tsemekhman, Vadim"]
[Result "0-1"]
[WhiteElo "2000"]
[BlackElo "2460"]
[PlyCount "100"]
[EventDate "1994.??.??"]

{3/(2)} 1. e4 e6 2. d4 d5 3. Nc3 Bb4 4. e5 c5 5. a3 Bxc3+ 6. bxc3 Qc7 7. Nf3
Ne7 8. a4 b6 9. Bb5+ Bd7 10. O-O Bxb5 11. axb5 h6 12. Ba3 O-O 13. Nd2 a6 14.
bxa6 Rxa6 15. f4 Qa7 16. Bb2 Nbc6 17. Qe2 c4 18. Rxa6 Qxa6 19. Ra1 Qb7 20. Qe1
Ra8 21. Ra3 Na5 22. Qa1 Nec6 23. Ra4 Qc7 24. Ba3 Qd8 25. Bb4 Qh4 26. g3 Qg4 27.
Qf1 Rb8 28. Ra1 Nxb4 29. cxb4 Nc6 30. c3 h5 31. Qf3 Qf5 32. Nxc4 Nxd4 33. cxd4
dxc4 34. b5 Rd8 35. Qc3 Qd3 36. Qxd3 cxd3 37. Rd1 Rxd4 38. Kf2 Kh7 39. Ke3 Rd5
40. Rxd3 Rxb5 41. Rd7 Kg6 42. h3 Rb3+ 43. Kf2 h4 44. gxh4 Rxh3 45. Rb7 Rb3 46.
h5+ Kxh5 47. Rxf7 Kg6 48. Rb7 Kf5 49. Rf7+ Ke4 50. Rxg7 Kxf4 0-1

[Event "Detroit (WCO/4/2)"]
[Site "?"]
[Date "1994.??.??"]
[Round "?"]
[White "Moody, David"]
[Black "Tsemekhman, Vadim"]
[Result "0-1"]
[WhiteElo "2045"]
[BlackElo "2460"]
[PlyCount "70"]
[EventDate "1994.??.??"]

{4/(2)} 1. e4 e6 2. d3 d5 3. Nd2 c5 4. Ngf3 Nc6 5. g3 Nge7 6. Bg2 g6 7. O-O Bg7
8. Re1 O-O 9. Nf1 h6 10. h4 e5 11. Ne3 Be6 12. Nh2 f5 13. h5 dxe4 14. dxe4 Qxd1
15. Rxd1 Nd4 16. c3 Ne2+ 17. Kf1 Nxc1 18. Raxc1 gxh5 19. exf5 Nxf5 20. Nxf5
Bxf5 21. Bxb7 Rab8 22. Bd5+ Kh8 23. b3 Rb6 24. Nf3 Bg4 25. Rd3 Rbf6 26. Kg2 h4
27. Nxh4 Rxf2+ 28. Kg1 R2f6 29. Be4 Bh5 30. g4 Rf4 31. Bf5 Bxg4 32. Ng6+ Kg8
33. Nxf4 Bxf5 34. Rf3 Bg4 35. Rg3 Rxf4 0-1

[Event "Romulus (RVO/4/4)"]
[Site "?"]
[Date "1994.??.??"]
[Round "?"]
[White "Moody, David"]
[Black "Thompson, Dexter"]
[Result "0-1"]
[WhiteElo "2000"]
[BlackElo "2215"]
[PlyCount "52"]
[EventDate "1994.??.??"]

{4/(4)} 1. e4 e5 2. Nc3 Nf6 3. Bc4 Nc6 4. d3 Bc5 5. f4 d6 6. Nf3 Bg4 7. h3 Bxf3
8. Qxf3 Nd4 9. Qg3 Qe7 10. Bb3 exf4 11. Bxf4 Nh5 12. Qg4 Nxf4 13. Qxf4 c6 14.
Rf1 O-O 15. Kd2 b5 16. Rae1 a5 17. e5 d5 18. Bxd5 b4 19. Ne4 cxd5 20. Nf6+ Kh8
21. Qh4 gxf6 22. exf6 Qc7 23. Rf4 Rg8 24. Re7 Rxg2+ 25. Kd1 Bxe7 26. fxe7 Qxc2+
0-1

[Event "Gaylord (NMO/2/4)"]
[Site "?"]
[Date "1994.??.??"]
[Round "?"]
[White "Moody, David"]
[Black "Revnell, Joseph"]
[Result "1-0"]
[WhiteElo "2000"]
[BlackElo "1605"]
[PlyCount "75"]
[EventDate "1994.??.??"]

{2/(4)} 1. e4 d5 2. Nc3 d4 3. Nce2 e5 4. Ng3 c5 5. Nf3 Qc7 6. Bc4 h6 7. d3 Nf6
8. O-O Bd7 9. Nh4 g6 10. f4 Bd6 11. f5 g5 12. Nh5 Nxh5 13. Qxh5 Bc6 14. Bxg5 b5
15. Bb3 Rh7 16. f6 Nd7 17. Nf5 O-O-O 18. Bxf7 Nf8 19. Ne7+ Kb7 20. Nxc6 hxg5
21. Nxd8+ Qxd8 22. Bd5+ Kb8 23. Qxg5 Nd7 24. Qg7 Qh8 25. Qxh8+ Rxh8 26. Rf3 Bf8
27. Raf1 Bh6 28. Rg3 Rf8 29. Rg7 Nxf6 30. Rg6 Be3+ 31. Kh1 Nd7 32. Rxf8+ Nxf8
33. Rg8 Bh6 34. g4 Kc7 35. g5 Bxg5 36. Rxg5 Nd7 37. Rg7 Kd6 38. Rxd7+ 1-0

[Event "Eastpointe (US Am N/5/6)"]
[Site "?"]
[Date "1994.??.??"]
[Round "?"]
[White "Moody, David"]
[Black "Reeves, Andre"]
[Result "0-1"]
[WhiteElo "2045"]
[BlackElo "1765"]
[PlyCount "42"]
[EventDate "1994.??.??"]

{5/(6)} 1. e4 c6 2. d4 d5 3. exd5 cxd5 4. Bd3 Nf6 5. c3 Nc6 6. Bf4 e6 7. Nf3
Bd6 8. Bxd6 Qxd6 9. O-O h6 10. Nbd2 a6 11. Qe2 b5 12. Ne5 O-O 13. f4 Bd7 14.
Rf3 Nh7 15. Raf1 f6 16. Qf2 fxe5 17. fxe5 Rxf3 18. Qxf3 Qe7 19. Qh5 Rf8 20. Nf3
Be8 21. Bxh7+ Kxh7 0-1

[Event "Detroit (MI Op/2/7)"]
[Site "?"]
[Date "1994.??.??"]
[Round "?"]
[White "Moody, David"]
[Black "O'Donnell, Robert"]
[Result "0-1"]
[WhiteElo "2000"]
[BlackElo "2235"]
[PlyCount "100"]
[EventDate "1994.??.??"]

{2/(7)} 1. e4 c5 2. Nf3 d6 3. d4 cxd4 4. Nxd4 Nf6 5. Nc3 Nc6 6. Bc4 e6 7. Be3
Be7 8. Qe2 a6 9. Bb3 O-O 10. O-O-O Na5 11. e5 Nxb3+ 12. Nxb3 Ne8 13. exd6 Nxd6
14. Ne4 Qc7 15. Bf4 Qc4 16. Qxc4 Nxc4 17. Nd6 b5 18. Nxc4 bxc4 19. Na5 c3 20.
bxc3 Bf6 21. Bd6 Re8 22. Bb4 e5 23. c4 Be6 24. a3 Rec8 25. c5 Rab8 26. Rd6 Bg5+
27. Kd1 Rxc5 28. Nc6 Rxc6 29. Rxc6 a5 30. c3 axb4 31. axb4 Bd5 32. Rd6 Bxg2 33.
Rg1 Bf3+ 34. Kc2 Bf4 35. h3 g5 36. Kb3 h5 37. c4 Kf8 38. b5 Ke7 39. Ra6 g4 40.
hxg4 h4 41. Ka4 h3 42. c5 h2 43. Ra1 h1=Q 44. Rxh1 Bxh1 45. c6 Kd6 46. Ra7 Bxc6
47. bxc6 Kxc6 48. Rxf7 Rb2 49. Rf5 Rxf2 50. g5 Rg2 0-1

[Event "Eastpointe (US Am N/6/9)"]
[Site "?"]
[Date "1994.??.??"]
[Round "?"]
[White "Moody, David"]
[Black "Moore, Robert"]
[Result "1-0"]
[WhiteElo "2045"]
[BlackElo "1700"]
[PlyCount "53"]
[EventDate "1994.??.??"]

{6/(9)} 1. e4 c5 2. Nf3 d6 3. d4 cxd4 4. Nxd4 Nf6 5. Nc3 a6 6. Bg5 e6 7. f4 Be7
8. Qf3 O-O 9. O-O-O Qc7 10. g4 b5 11. Bxf6 Bxf6 12. g5 Bxd4 13. Rxd4 e5 14. Nd5
Qa5 15. Rd3 Qe1+ 16. Rd1 Qh4 17. Rg1 Nc6 18. f5 Nd4 19. Qg2 Bb7 20. Bd3 Bxd5
21. exd5 Qf4+ 22. Kb1 Nxf5 23. Rdf1 Nh4 24. Qh3 Qd4 25. Rg4 Qxd5 26. Bxh7+ Kxh7
27. Rxh4+ 1-0

[Event "Detroit (CAO/5/3)"]
[Site "?"]
[Date "1994.??.??"]
[Round "?"]
[White "Moody, David"]
[Black "McNeil, Yaking"]
[Result "1-0"]
[WhiteElo "2000"]
[BlackElo "1605"]
[PlyCount "63"]
[EventDate "1994.??.??"]

{5/(3)} 1. e4 c5 2. Nf3 Nc6 3. d4 cxd4 4. Nxd4 e5 5. Nb5 a6 6. Nd6+ Bxd6 7.
Qxd6 Qf6 8. Qd1 Nge7 9. Nc3 O-O 10. Be3 Rd8 11. Bb6 Re8 12. Qd2 Ng6 13. Nd5 Qd6
14. Nc7 Qxd2+ 15. Kxd2 Nf8 16. Nxe8 Ne6 17. Nd6 Kf8 18. Bc4 Ke7 19. Nf5+ Kf6
20. Ke3 Nb4 21. Bb3 a5 22. c3 Nc6 23. Bc4 Ne7 24. Bxe6 Nxf5+ 25. Bxf5 g6 26.
Bg4 Ra6 27. Bd8+ Kg7 28. Rhd1 Kf8 29. Bxd7 Bxd7 30. Rxd7 Ke8 31. Rad1 Ra8 32.
Bf6 1-0

[Event "Eastpointe (US Am N/2/7)"]
[Site "?"]
[Date "1994.??.??"]
[Round "?"]
[White "Moody, David"]
[Black "McGary, F."]
[Result "1-0"]
[WhiteElo "2045"]
[BlackElo "1725"]
[PlyCount "53"]
[EventDate "1994.??.??"]

{2/(7)} 1. e4 c5 2. Nf3 d6 3. d4 cxd4 4. Nxd4 Nf6 5. Nc3 a6 6. Bg5 e6 7. f4
Nbd7 8. Qf3 Qc7 9. O-O-O b5 10. g4 Bb7 11. Bxf6 Nxf6 12. g5 Nd7 13. Bh3 Rc8 14.
Rhe1 Be7 15. Bxe6 b4 16. Nd5 Bxd5 17. Bxd5 O-O 18. g6 Bf6 19. Qh5 h6 20. gxf7+
Kh8 21. Bb3 Nc5 22. Re2 Nxb3+ 23. axb3 Rxf7 24. Nf5 Bxb2+ 25. Kxb2 Qc3+ 26. Kb1
Rcc7 27. Nxh6 1-0

[Event "Detroit (WCO/3/4)"]
[Site "?"]
[Date "1994.??.??"]
[Round "?"]
[White "Moody, David"]
[Black "McFolley, John"]
[Result "1-0"]
[WhiteElo "2045"]
[BlackElo "1605"]
[PlyCount "75"]
[EventDate "1994.??.??"]

{3/(4)} 1. e4 e5 2. Nf3 Nc6 3. d4 exd4 4. Bc4 h6 5. Nxd4 Nf6 6. O-O Bc5 7. Nf5
O-O 8. Qd3 d6 9. Qg3 Bxf5 10. exf5 Ne4 11. Qg4 Nf6 12. Qh4 Re8 13. Nc3 Bd4 14.
Qg3 Nh5 15. Bxf7+ Kxf7 16. Qg6+ Kg8 17. Qxh5 Re5 18. Bf4 Rc5 19. Ne4 Rxc2 20.
Bxh6 gxh6 21. Qg6+ Kh8 22. Qxh6+ Kg8 23. Qg6+ Kh8 24. Ng5 Qe7 25. Nf7+ Qxf7 26.
Qxf7 Ne5 27. Qh5+ Kg7 28. Qg5+ Kf7 29. Qh5+ Kg7 30. f6+ Kxf6 31. Qh4+ Ke6 32.
Qxd4 Rc4 33. Qe3 Rg8 34. f4 Rc2 35. Rf2 Rxf2 36. Kxf2 Kd7 37. fxe5 Rf8+ 38. Kg1
1-0

[Event "Detroit (MI Op/6/23)"]
[Site "?"]
[Date "1994.??.??"]
[Round "?"]
[White "Moody, David"]
[Black "McCarter, Robert"]
[Result "1-0"]
[WhiteElo "2000"]
[BlackElo "1735"]
[PlyCount "41"]
[EventDate "1994.??.??"]

{6/(23)} 1. e4 c5 2. Nf3 d6 3. d4 cxd4 4. Nxd4 Nf6 5. Nc3 a6 6. Bg5 e6 7. f4
Be7 8. Qf3 Qa5 9. O-O-O Bd7 10. e5 Nc6 11. exf6 Nxd4 12. Qxb7 Rc8 13. fxe7 f6
14. Rxd4 Rxc3 15. bxc3 Qxc3 16. Qb8+ Kf7 17. Qxd6 Rc8 18. Bc4 Ba4 19. Qxe6+ Kg6
20. Qf7+ Kf5 21. Be6# 1-0

[Event "Eastpointe (EDO/4/8)"]
[Site "?"]
[Date "1994.??.??"]
[Round "?"]
[White "Moody, David"]
[Black "Manion, Tom"]
[Result "1-0"]
[WhiteElo "2000"]
[BlackElo "1805"]
[PlyCount "63"]
[EventDate "1994.??.??"]

{4/(8)} 1. e4 Nc6 2. d4 e6 3. d5 Ne5 4. Nf3 Bd6 5. Be2 Nf6 6. Nxe5 Bxe5 7. f4
Nxe4 8. Qd3 Nc5 9. Qc4 Bd6 10. Nc3 Qh4+ 11. g3 Qe7 12. Be3 b6 13. O-O-O Ba6 14.
Qd4 e5 15. Qd2 Bxe2 16. Nxe2 Ne4 17. Qd3 exf4 18. Nxf4 Bxf4 19. Bxf4 Nf2 20.
Qd2 Ne4 21. Qd3 O-O-O 22. Rhe1 f5 23. Qa6+ Kb8 24. Bxc7+ Ka8 25. Bxb6 d6 26.
Bxd8 Rxd8 27. Qc6+ Kb8 28. Rd3 Qg5+ 29. Kb1 Nc5 30. Rde3 Rc8 31. Re8 Rd8 32.
Qxd6+ 1-0

[Event "Detroit (MCO/Ch/2a/3)"]
[Site "?"]
[Date "1994.??.??"]
[Round "?"]
[White "Moody, David"]
[Black "Livschitz, Victoria"]
[Result "0-1"]
[WhiteElo "2000"]
[BlackElo "2400"]
[PlyCount "54"]
[EventDate "1994.??.??"]

1. e4 e5 2. Nf3 Nc6 3. d4 exd4 4. Bc4 Bc5 5. c3 Nf6 6. cxd4 Bb4+ 7. Nc3 Nxe4 8.
O-O Bxc3 9. d5 Bf6 10. Re1 O-O 11. Rxe4 Ne7 12. g4 d6 13. g5 Be5 14. Nxe5 dxe5
15. Rxe5 Ng6 16. Re4 Bf5 17. Rd4 Re8 18. Be3 Rxe3 19. fxe3 Qxg5+ 20. Kf2 Re8
21. Qe2 Be4 22. Rg1 Qf6+ 23. Ke1 Nh4 24. Rxe4 Rxe4 25. Kd1 Nf5 26. Re1 Nxe3+
27. Kc1 Nxc4 0-1

[Event "Detroit (MI Op/4/32)"]
[Site "?"]
[Date "1994.??.??"]
[Round "?"]
[White "Moody, David"]
[Black "Lewis, Derrick"]
[Result "1-0"]
[WhiteElo "2000"]
[BlackElo "1895"]
[PlyCount "73"]
[EventDate "1994.??.??"]

{4/(32)} 1. e4 e5 2. Nf3 d5 3. Nxe5 Bd6 4. d4 dxe4 5. Bc4 Bxe5 6. dxe5 Qxd1+ 7.
Kxd1 Bg4+ 8. Ke1 Nc6 9. Bf4 Nd4 10. Bb3 O-O-O 11. Nc3 Bf5 12. Rd1 f6 13. Nd5
Nxb3 14. axb3 c6 15. exf6 gxf6 16. Ne3 Be6 17. Rxd8+ Kxd8 18. Ke2 Ne7 19. Rd1+
Ke8 20. Rd4 f5 21. Nc4 Bxc4+ 22. bxc4 Rg8 23. g3 c5 24. Rd6 Rg6 25. Ke3 Nc6 26.
Rd5 Ne7 27. Rxc5 Rc6 28. Rxc6 Nxc6 29. g4 fxg4 30. Kxe4 h5 31. Kf5 Nd4+ 32. Kg6
Ne6 33. Be3 h4 34. Kf5 g3 35. fxg3 hxg3 36. hxg3 Kf7 37. Bxa7 1-0

[Event "Gaylord (NMO/5/2)"]
[Site "?"]
[Date "1994.??.??"]
[Round "?"]
[White "Moody, David"]
[Black "Kamberi, Sonny"]
[Result "0-1"]
[WhiteElo "2000"]
[BlackElo "2090"]
[PlyCount "98"]
[EventDate "1994.??.??"]

{5/(2)} 1. e4 e6 2. d4 d5 3. Nc3 Nf6 4. Bg5 dxe4 5. Nxe4 Be7 6. Bxf6 gxf6 7.
Nf3 f5 8. Ng3 c5 9. dxc5 Qxd1+ 10. Rxd1 Nc6 11. Bb5 Bd7 12. b4 a5 13. a3 axb4
14. axb4 Bf6 15. Ne2 Ra2 16. Nfd4 e5 17. Nxc6 bxc6 18. Bc4 Rxc2 19. Bxf7+ Ke7
20. Nc1 Rxc1 21. Rxc1 Kxf7 22. Ke2 Rb8 23. Rhd1 Be6 24. Rd6 Bd5 25. Rxd5 cxd5
26. c6 e4 27. c7 Rc8 28. b5 Bd4 29. Rc6 f4 30. b6 Bxb6 31. Rxb6 Rxc7 32. Rd6
Rc2+ 33. Ke1 Rc5 34. Kd2 Ra5 35. Rh6 Ra2+ 36. Ke1 Ra1+ 37. Ke2 d4 38. Rh4 d3+
39. Kd2 Ra2+ 40. Ke1 Re2+ 41. Kf1 Ke6 42. Rxf4 Kd5 43. Rh4 Ra2 44. Ke1 Kd4 45.
Rxh7 Re2+ 46. Kf1 Kc3 47. Ra7 Rc2 48. g4 Rc1+ 49. Kg2 d2 0-1

[Event "Gaylord (NMO/4/1)"]
[Site "?"]
[Date "1994.??.??"]
[Round "?"]
[White "Moody, David"]
[Black "Gabbara, Faris"]
[Result "1/2-1/2"]
[WhiteElo "2000"]
[BlackElo "2195"]
[PlyCount "118"]
[EventDate "1994.??.??"]

{4/(1)} 1. e4 c5 2. Nf3 e6 3. d3 Nc6 4. g3 d5 5. Nbd2 Bd6 6. Bg2 Nge7 7. O-O
O-O 8. Re1 Ng6 9. Nf1 d4 10. h4 e5 11. Ng5 h6 12. Nh3 Be6 13. Qh5 Qd7 14. Nh2
Bxh3 15. Bxh3 Qxh3 16. Ng4 Nf4 17. gxf4 exf4 18. Bxf4 Bxf4 19. Qf5 Qxh4 20.
Qxf4 Qg5 21. Qxg5 hxg5 22. Kg2 Rae8 23. Rh1 f5 24. exf5 Rxf5 25. Rae1 Rxe1 26.
Rxe1 Nb4 27. a3 Nd5 28. Re5 Rxe5 29. Nxe5 Kh7 30. Kf3 Nf6 31. Nf7 Kg6 32. Nd6
b6 33. Nc8 Kf5 34. Nxa7 g4+ 35. Kg2 Kf4 36. Nc8 Nd5 37. Nd6 g6 38. Nc4 g5 39.
a4 Nb4 40. Nxb6 Nxc2 41. a5 Nb4 42. Nd7 c4 43. Nc5 c3 44. bxc3 dxc3 45. Nb3 c2
46. Nc1 Ke5 47. Kg3 Kd4 48. Kxg4 Kc3 49. Kxg5 Kd2 50. Nb3+ Kxd3 51. f4 Kc3 52.
Nc1 Kd2 53. Nb3+ Kd1 54. f5 Nc6 55. a6 Na5 56. Nc1 Kxc1 57. a7 Kd1 58. a8=Q
c1=Q+ 59. Kg6 Nc6 1/2-1/2

[Event "Romulus (RVO/2/10)"]
[Site "?"]
[Date "1994.??.??"]
[Round "?"]
[White "Moody, David"]
[Black "Drysdale, Gilbert"]
[Result "1/2-1/2"]
[WhiteElo "2000"]
[BlackElo "1755"]
[PlyCount "66"]
[EventDate "1994.??.??"]

{2/(10)} 1. e4 d5 2. Nc3 d4 3. Nce2 e5 4. Ng3 Be6 5. Nf3 f6 6. d3 Qd7 7. Be2
Nc6 8. O-O Nge7 9. Nh4 O-O-O 10. Nhf5 g6 11. Nh6 Ng8 12. Nxg8 Rxg8 13. f4 Bd6
14. f5 gxf5 15. Nxf5 Bxf5 16. Rxf5 Qg7 17. Qf1 Rdf8 18. Rh5 Qg6 19. g3 Ne7 20.
Qh3+ Kb8 21. Rxh7 f5 22. Qh5 f4 23. Qxg6 Nxg6 24. Bd2 fxg3 25. hxg3 Nf4 26.
Bxf4 exf4 27. g4 f3 28. Bf1 Rxg4+ 29. Kf2 Bg3+ 30. Kg1 Bf4+ 31. Kf2 Bg3+ 32.
Kg1 Bf4+ 33. Kf2 Bg3+ 1/2-1/2

[Event "Detroit (WCO/1/4)"]
[Site "?"]
[Date "1994.??.??"]
[Round "?"]
[White "Moody, David"]
[Black "Bascomb, A."]
[Result "1-0"]
[WhiteElo "2045"]
[BlackElo "1605"]
[PlyCount "43"]
[EventDate "1994.??.??"]

{1/(4)} 1. e4 e5 2. Nf3 Nc6 3. d4 exd4 4. Bc4 Bc5 5. c3 dxc3 6. Bxf7+ Kxf7 7.
Qd5+ Ke8 8. Qxc5 cxb2 9. Bxb2 d6 10. Qh5+ Kf8 11. Ng5 g6 12. Qf3+ Bf5 13. Ne6+
Kf7 14. Nxd8+ Rxd8 15. exf5 Re8+ 16. Kd1 Ne5 17. Qd5+ Kf6 18. f4 Kxf5 19. fxe5
dxe5 20. Rf1+ Kg5 21. Bc1+ Kh5 22. Qf3+ 1-0

[Event "Novi (Oct)"]
[Site "?"]
[Date "1994.??.??"]
[Round "?"]
[White "Moncure, H."]
[Black "Torres, D."]
[Result "0-1"]
[WhiteElo "1605"]
[BlackElo "1605"]
[PlyCount "74"]
[EventDate "1994.??.??"]

1. e4 d5 2. Bd3 f5 3. exf5 Nh6 4. Nc3 Nxf5 5. b3 d4 6. Bxf5 Bxf5 7. Nce2 Be4 8.
f3 d3 9. fxe4 dxe2 10. Nxe2 a6 11. Rf1 Nc6 12. d4 e5 13. Bb2 g6 14. d5 Nd4 15.
Nf4 exf4 16. Bxd4 Rg8 17. Rxf4 Bg7 18. Bxg7 Rxg7 19. Qd4 Rf7 20. Qe5+ Re7 21.
Qh8+ Kd7 22. Qxh7 Rxh7 23. O-O-O Qg5 24. Rdf1 Qxg2 25. e5 g5 26. e6+ Kd6 27.
Rf6 Rxh2 28. e7+ Kxe7 29. Rf7+ Kd6 30. R1f6+ Kxd5 31. c4+ Ke5 32. Rf5+ Ke6 33.
R7f6+ Ke7 34. Rf7+ Ke6 35. R7f6+ Ke7 36. Rf7+ Ke6 37. c5 Qc2# 0-1

[Event "Detroit (MOR/4/33)"]
[Site "?"]
[Date "1994.??.??"]
[Round "?"]
[White "Moceri, Paul"]
[Black "Vangilder, W."]
[Result "1-0"]
[WhiteElo "1605"]
[BlackElo "1605"]
[PlyCount "43"]
[EventDate "1994.??.??"]

{4/(33)} 1. e4 Nc6 2. d4 d5 3. e5 Bf5 4. Bb5 a6 5. Bxc6+ bxc6 6. Nf3 e6 7. O-O
Ne7 8. Bg5 h6 9. Bh4 Qd7 10. c3 Nc8 11. Nbd2 Bg4 12. h3 Bh5 13. Nb3 Nb6 14. g4
Bg6 15. Nfd2 Qc8 16. f4 Na4 17. Qf3 c5 18. f5 exf5 19. gxf5 Bh7 20. Qxd5 Bxf5
21. Rxf5 Qxf5 22. Qc6+ 1-0

[Event "Detroit (MOR/6/11)"]
[Site "?"]
[Date "1994.??.??"]
[Round "?"]
[White "Moceri, Paul"]
[Black "Sledge, Ernest"]
[Result "0-1"]
[WhiteElo "1605"]
[BlackElo "1790"]
[PlyCount "62"]
[EventDate "1994.??.??"]

{6/(11)} 1. e4 e5 2. Nf3 d6 3. d4 exd4 4. Bc4 h6 5. Nxd4 Nf6 6. O-O Be7 7. Qe2
c6 8. Nc3 O-O 9. Kh1 a6 10. f4 b5 11. e5 Nh7 12. Bxf7+ Rxf7 13. e6 Rf8 14. f5
c5 15. Nb3 Bb7 16. Bd2 Nc6 17. Bxh6 gxh6 18. Qh5 Ne5 19. Qxh6 Rf6 20. Qh3 Qf8
21. Rf4 Rh6 22. Qe3 Bg5 23. Qg3 Kh8 24. Rff1 Qf6 25. Rad1 Rg8 26. Rxd6 Bh4 27.
Qxg8+ Kxg8 28. e7 Qxe7 29. Rxh6 Qg7 30. Rg6 Nxg6 31. fxg6 Qxg6 0-1

[Event "Detroit (Class B/3/17)"]
[Site "?"]
[Date "1994.??.??"]
[Round "?"]
[White "Moceri, Paul"]
[Black "Etienne, T."]
[Result "0-1"]
[WhiteElo "1635"]
[BlackElo "1615"]
[PlyCount "39"]
[EventDate "1994.??.??"]

{3/(17)} 1. e4 c6 2. d4 d5 3. Nc3 dxe4 4. Nxe4 Nd7 5. Bc4 Ngf6 6. Ng5 e6 7. Ne2
h6 8. Nxe6 fxe6 9. Bxe6 Nb6 10. Bb3 a5 11. Qd3 Nbd5 12. Qg6+ Ke7 13. O-O Be6
14. Re1 Qe8 15. Qg3 Nh5 16. Qe5 Kd7 17. Bf4 Bg4 18. Bxd5 Qxe5 19. Bxc6+ bxc6
20. Bxe5 {[Black played the illegal 20...Nf7; 0-1, 50]} 0-1

[Event "Detroit (Class B/1/9)"]
[Site "?"]
[Date "1994.??.??"]
[Round "?"]
[White "Moceri, Paul"]
[Black "Calton, David A"]
[Result "0-1"]
[WhiteElo "1635"]
[BlackElo "1740"]
[PlyCount "102"]
[EventDate "1994.??.??"]

{1/(9)} 1. e4 e5 2. Nf3 Nf6 3. Nxe5 d6 4. Nxf7 Kxf7 5. Bc4+ Be6 6. Bxe6+ Kxe6
7. O-O Na6 8. d4 Be7 9. Nc3 Rf8 10. Qd3 Kf7 11. f4 Kg8 12. Rf3 Kh8 13. Rh3 Nb4
14. Qe2 Ng8 15. a3 Nc6 16. Be3 h6 17. d5 Nb8 18. e5 dxe5 19. fxe5 Bg5 20. Bd4
Ne7 21. Rf1 Rxf1+ 22. Qxf1 Nxd5 23. Nxd5 Qxd5 24. Qf8+ Qg8 25. Qf5 Qd8 26. Rd3
Nc6 27. Bc3 Qf8 28. Qxf8+ Rxf8 29. g3 Rd8 30. h4 Rxd3 31. cxd3 Be3+ 32. Kg2 Bd4
33. Bxd4 Nxd4 34. Kf2 Kg8 35. Ke3 c5 36. Ke4 Kf7 37. Kd5 b6 38. b4 Nf5 39. bxc5
bxc5 40. Kxc5 Nxg3 41. Kc6 Ke6 42. d4 Ne4 43. a4 g5 44. hxg5 hxg5 45. a5 g4 46.
Kb7 g3 47. Kxa7 g2 48. a6 g1=Q 49. Kb7 Qb1+ 50. Ka8 Kd7 51. d5 Kc8 0-1

[Event "Detroit (MOR/2/71)"]
[Site "?"]
[Date "1994.??.??"]
[Round "?"]
[White "Mitchell, Dave"]
[Black "Stubbs, B."]
[Result "1-0"]
[WhiteElo "1605"]
[BlackElo "1605"]
[PlyCount "85"]
[EventDate "1994.??.??"]

{2/(71)} 1. d4 d5 2. Nf3 Nf6 3. Bg5 e6 4. e3 Be7 5. Nbd2 Bb4 6. c3 Ba5 7. Bd3
O-O 8. O-O Nc6 9. Ne5 Bd7 10. Qf3 h6 11. Bxf6 Qxf6 12. Nxd7 Qxf3 13. Nxf3 Rfd8
14. Nc5 b6 15. Nb7 Rdb8 16. Nxa5 Nxa5 17. Rfe1 c5 18. Rac1 c4 19. Bb1 f5 20.
Ne5 Rd8 21. f3 h5 22. e4 f4 23. exd5 exd5 24. Re2 Re8 25. Rce1 Kf8 26. Ng6+ Kf7
27. Nxf4 Rh8 28. Nxd5 Nc6 29. Nf4 g5 30. Nh3 Rhg8 31. Be4 Rae8 32. Bd5+ Kg6 33.
Bxg8 Rxg8 34. Re6+ Kf7 35. Rxc6 g4 36. fxg4 hxg4 37. Nf4 g3 38. hxg3 Rxg3 39.
Ree6 Rg8 40. Rc7+ Kf8 41. Ng6+ Rxg6 42. Rxg6 a5 43. Ra7 1-0